Statistiken für Alle Trainer des Hamburger SV seit 1963

Klicken Sie hier um das Quiz zu spielen!

Allgemein

  • Dieses Quiz wurde 256 mal gespielt
    (11 seit der letzten Aktualisierung)
  • Das Durchschnittsergebnis liegt bei 21 aus 49

Antwortstatistiken

ZeitraumAntwort% Korrekt
17.02.2014 - 15.09.2014Mirko Slomka
100%
01.07.2021 - 12.02.2024Tim Walter
100%
15.04.2015 - 24.09.2016Bruno Labbadia
89%
01.07.2009 - 25.04.2010Bruno Labbadia
89%
06.07.2020 - 02.05.2021Daniel Thioune
89%
03.05.2021 - 30.06.2021Horst Hrubesch
89%
20.02.2024 - heuteSteffen Baumgart
89%
12.03.2018 - 22.10.2018Christian Titz
78%
25.09.2016 - 20.01.2018Markus Gisdol
78%
01.07.2008 - 30.06.2009Martin Jol
78%
17.09.2013 - 24.09.2013 Rodolfo Cardoso
78%
19.09.2011 - 09.10.2011Rodolfo Cardoso
78%
17.10.2011 - 16.09.2013Thorsten Fink
78%
01.07.2019 - 30.06.2020 Dieter Hecking
67%
01.07.1981 - 30.06.1987Ernst Happel
67%
06.10.1995 - 18.05.1997Felix Magath
67%
23.10.2018 - 30.06.2019Hannes Wolf
67%
02.02.2007 - 30.06.2008Huub Stevens
67%
01.07.2010 - 12.03.2011Armin Veh
56%
18.10.2004 - 31.01.2007Thomas Doll
56%
22.01.2018 - 11.03.2018Bernd Hollerbach
44%
01.07.1978 - 18.12.1980Branko Zebec
44%
10.10.2011 - 17.10.2011Frank Arnesen
44%
01.07.1997 - 17.09.2001Frank Pagelsdorf
44%
13.02.2024 - 19.02.2024Merlin Polzin
44%
13.03.2011 - 18.09.2011Michael Oenning
44%
25.09.2013 - 15.02.2014Bert van Marwijk
33%
16.09.2014 - 21.03.2015Joe Zinnbauer
33%
22.03.2015 - 14.04.2015Peter Knäbel
33%
26.04.2010 - 30.06.2010Ricardo Moniz
33%
01.07.1992 - 05.10.1995Benno Möhlmann
22%
01.07.1973 - 30.06.1977Kuno Klötzer
22%
02.01.1981 - 30.06.1981Aleksandar Ristić
11%
05.01.1990 - 10.03.1992Gerd-Volker Schock
11%
18.09.2001 - 02.10.2001Holger Hieronymus
11%
18.04.1966 - 30.06.1967Josef Schneider
11%
23.10.2003 - 17.10.2004Klaus Toppmöller
11%
01.07.1962 - 08.05.1964Martin Wilke
11%
11.11.1987 - 04.01.1990Willi Reimann
11%
12.03.1992 - 21.09.1992Egon Coordes
0%
09.05.1964 - 17.04.1966Georg Gawliczek
0%
16.05.1969 - 30.06.1970Georg Knöpfle
0%
01.07.1987 - 09.11.1987Josip Skoblar
0%
01.07.1970 - 30.06.1973Klaus-Dieter Ochs
0%
03.10.2001 - 22.10.2003Kurt Jara
0%
01.07.1967 - 15.05.1969Kurt Koch
0%
28.10.1977 - 30.06.1978Özcan Arkoç
0%
19.05.1997 - 30.06.1997Ralf Schehr
0%
01.07.1977 - 27.10.1977Rudi Gutendorf
0%

Verteilung der Resultate

Perzentil nach korrekt beantworteten Fragen

Anzahl Personen mit jedem Resultat

Ihre Resultats-Entwicklung

Sie haben dieses Quiz seit der letzten Aktualisierung nicht gespielt